000 00898cab a2200193 4500
001 ABS41862
008 090401t1989 xxu||||| |||| 00| 0 eng d
035 _a(Sirsi) u33051
041 _aeng
245 _aCompensation under the 1954 Act
260 _c1989
350 _a0
490 _aNew Law Journal
_v139(6434) 1 December 1989,1631-1632(2)
520 _aConsiders the effect that the new rating valuation lists will have on the compensation to which a business tenant is entitled to under Landlord and Tenant Act 1954 s57 when he fails to obtain a new tenancy . The new and higher rating valuation s will dramatically increase unless the multipliers are reduced. Landlords should consider carefully whether to serve a s25 notice before or after 1 April 1990.
650 _aAPPROPRIATE MULTIPLER
690 _aLANDLORD AND TENANT-BUSINESS TENANCIES
942 _n0
948 _c04/03/1997
999 _c22091
_d22091